000 00904nam0a22002651 4500
001 rc\4017685
005 20250611060302.0
021 _aRU
_b[54-130]
035 _a(NLR Aleph) 008084159
090 _a9142709
_c9142709
100 _a20130415d1953 |||y0rusy50 ca
101 0 _arus
102 _aRU
105 _ay z |||||
200 1 _aЭкономия строительных материалов
_e(Из опыта смол. строителей)
210 _aСмоленск
_cКн. изд-во
_d1953
215 _a60 с.
_d22
606 _aСтроительные материалы
_xЭкономия
_2psbo
700 1 _4070
_7ca
_8rus
_aЕфимов
_bН. Г.
_cпублицист
_gНиколай Георгиевич
_9267530
_3RU\NLR\AUTH\770267586
801 0 _aRU
_bNLR
_gpsbo
801 1 _aRU
_bELAR
_2rusmarc
852 _aNLR
_jТ80 Г-6/1471
942 _cBOOK
980 _aNB